01279nam a22002177a 450000500170000001000180001702000750003503500170011003700130012708200140014010000180015424502050017225000130037726000310039027000800042130001180050150000300061950503650064970000220101470000250103620181029123212.0 aENG-124392-95 c10500.00 (Set of 4 vols.)a9789386515612 (ISBN for complete set) aEN-107924-27 bDBAD/PUB a346.54066 aBhandari, M C aGuide to company law procedures:cby M C Bhandari; gen.ed. by Savithri Parekh; spc.ed.by Aditya Vikram Bhat....[et..all.]bprocedures, rules, compliances and governance under the companies act, 2013 / a24th ed. aGurgaonbLexis Nexisc2018 a14th floor,Building No-10, Tower-B,DLF Cyber City Phase-11bGurgaone122002 a4 vols. (xlv, various paging: cxvii, various paging; xcvi, various paging; xliii, various paging)c25cm(Hb)bill. aIt includes subject index avol. 1 - Procedures under the Companies Act, 2013 and Regulations issued by SEBI, RBI and other regulatory bodies vol. 2 - Company Resolutions, Agenda and Meetings, Notices and Minutes vol. 3 - Rules under the Companies Act, 2013, E-form, Returns, Applications and Petitions vol. 3 - Company Procedures, Agreements, Deeds, and Documentation with Practice Notes a Parekh, Savithri a Bhat, Aditya Vikram